Normal view
MARC view
- الارشاد التربوي-علم النفس التربوي-القياس والتقويم
Entry Topical Term
001 - CONTROL NUMBER
- control field: 46003
003 - CONTROL NUMBER IDENTIFIER
- control field: JO-AjAnu
005 - DATE AND TIME OF LATEST TRANSACTION
- control field: 20230606081615.0
008 - FIXED-LENGTH DATA ELEMENTS
- fixed length control field: 230606|| aca||aabn | a|a d
040 ## - CATALOGING SOURCE
- Original cataloging agency: JO-AjAnu
- Transcribing agency: JO-AjAnu
150 ## - HEADING--TOPICAL TERM
- Topical term or geographic name entry element: الارشاد التربوي-علم النفس التربوي-القياس والتقويم
670 ## - SOURCE DATA FOUND
- Source citation: Work cat.: (JO-AjAnu)23550: أبو أسعد، أحمد , author 46002, دليل المقاييس والاختبارات النفسية والتربوية :مقاييس المهارات،المقاييس المهنية،المقاييس الشخصية،المقاييس الاجتماعية، ج2